Les femmes, actrices de l'Histoire : France, de 1789 à nos jours (notice n° 2198755)

détails MARC
000 -LEADER
fixed length control field 01409cam a2200133 4500500
005 - DATE AND TIME OF LATEST TRANSACTION
control field 20260405085604.0
041 ## - LANGUAGE CODE
Language code of text/sound track or separate title fre
042 ## - AUTHENTICATION CODE
Authentication code dc
100 10 - MAIN ENTRY--PERSONAL NAME
Personal name Ripa, Yannick
Relator term author
245 00 - TITLE STATEMENT
Title Les femmes, actrices de l'Histoire : France, de 1789 à nos jours
260 ## - PUBLICATION, DISTRIBUTION, ETC.
Name of publisher, distributor, etc. Armand Colin,<br/>
Date of publication, distribution, etc. 2023.<br/>
520 ## - SUMMARY, ETC.
Summary, etc. Près de deux siècles et demi séparent les emblématiques Olympe de Gouges, guillotinée pour s’être prise pour un homme d’Etat et Ségolène Royal, première candidate présidentiable. Dans ce long temps, les femmes se sont peu à peu dégagées des rôles et statuts que leur assignait le genre, au nom de leur nature. En suivant cette marche vers une égalité des sexes, jamais atteinte, ce livre rend aux femmes leur mémoire et aux hommes le passé féminin. Il s’attache à décrire la réalité quotidienne, qui a évolué sous l’effet conjugué des révolutions politiques et économiques, des guerres mais aussi des combats féministes. En retraçant la présence des femmes ou leur absence sur le devant de la scène, de la Révolution française à nos jours, il dessine une chronologie spécifique aux rapports des sexes. Il découvre ainsi les femmes, actrices de l’Histoire et confirme qu’une histoire sans les femmes n’est plus possible.
856 41 - ELECTRONIC LOCATION AND ACCESS
Uniform Resource Identifier <a href="https://shs.cairn.info/les-femmes-actrices-de-l-histoire--9782200636418?lang=fr&redirect-ssocas=7080">https://shs.cairn.info/les-femmes-actrices-de-l-histoire--9782200636418?lang=fr&redirect-ssocas=7080</a>

Pas d'exemplaire disponible.

PLUDOC

PLUDOC est la plateforme unique et centralisée de gestion des bibliothèques physiques et numériques de Guinée administré par le CEDUST. Elle est la plus grande base de données de ressources documentaires pour les Étudiants, Enseignants chercheurs et Chercheurs de Guinée.

Adresse

627 919 101/664 919 101

25 boulevard du commerce
Kaloum, Conakry, Guinée

Réseaux sociaux

Powered by Netsen Group @ 2025